Sports by Terrible Clues - Statistics

General Stats
  • This quiz has been taken 154 times
  • The average score is 7 of 8
Answer Stats
Terrible Clue Sport % Correct
Hit the ball with a bat and run to rubber plates on the ground Baseball
99%
Kick the ball to your teammates so that they can kick the ball into a big net Soccer
96%
Throw the ball into a net connected to a metal ring Basketball
95%
Hit the ball over a net to your opponent with a racket Tennis
95%
Run with an oval-shaped ball to the other end of the field, or kick the ball through a pole that looks like a fork Football
94%
Skate on ice with a stick and hit a thick circle thing that you hit into a net Hockey
90%
Use a long stick with a net on the end to carry, throw, catch, and shoot the rubber ball Lacrosse
81%
Hit the ball over a net to your opponent with a paddle Ping Pong
64%
No matching quizzes found
Score Distribution
Percent of People with Each Score
Percentile by Number Answered
Your Score History
You have not taken this quiz